Welcome to the Holygrace Academy Library

Please use search bar below to get started

POTATO COOKBOOK (Record no. 5887)

MARC details
000 -LEADER
fixed length control field 00341nam a22001457a 4500
020 ## - INTERNATIONAL STANDARD BOOK NUMBER
ISBN 1-86396-027-9
082 ## - DEWEY DECIMAL CLASSIFICATION NUMBER
Classification number 641.5
Item number BLA/P
100 ## - MAIN ENTRY--AUTHOR NAME
Personal name BLACKER, MARYANNE
245 ## - TITLE STATEMENT
Title POTATO COOKBOOK
260 ## - PUBLICATION, DISTRIBUTION, ETC. (IMPRINT)
Place of publication AUSTRALIA
Name of publisher ACP PUBLISHING
Year of publication 1995
300 ## - PHYSICAL DESCRIPTION
Number of Pages 124
520 ## - SUMMARY, ETC.
Summary, etc RECIPIE BOOKS
650 ## - SUBJECT ADDED ENTRY--TOPICAL TERM
Topical Term FOOD AND NUTRITION
Geographic subdivision AUSTRALIA
942 ## - ADDED ENTRY ELEMENTS (KOHA)
Koha item type Books
Holdings
Withdrawn status Lost status Collection code Home library Current library Shelving location Date acquired Source of acquisition Full call number Accession Number Koha item type
    Reference Main Library Main Library SHELF 15G- FASHION,COOKING 28/10/2019 purchase 641.5 BLA/P 11776 Books